<?xml version="1.0" encoding="UTF-8"?>
<collection xmlns="http://www.loc.gov/MARC21/slim">
 <record>
  <leader>01187nam a22002177a 4500</leader>
  <controlfield tag="001">NCT_35194</controlfield>
  <controlfield tag="008">180514b        xxu||||| |||| 00| 0 vie d</controlfield>
  <datafield tag="999" ind1=" " ind2=" ">
   <subfield code="c">1697</subfield>
   <subfield code="d">1697</subfield>
  </datafield>
  <datafield tag="020" ind1=" " ind2=" ">
   <subfield code="c">15000</subfield>
  </datafield>
  <datafield tag="082" ind1="0" ind2="4">
   <subfield code="2">23rd ed.</subfield>
   <subfield code="a">616.33</subfield>
   <subfield code="b">B312</subfield>
  </datafield>
  <datafield tag="100" ind1="1" ind2=" ">
   <subfield code="a">Phạm Thị Bình</subfield>
  </datafield>
  <datafield tag="245" ind1="1" ind2="0">
   <subfield code="a">Hỏi đáp về bệnh viêm loét dạ dày tá tràng</subfield>
   <subfield code="c">Phạm Thị Bình</subfield>
  </datafield>
  <datafield tag="260" ind1=" " ind2=" ">
   <subfield code="a">H.</subfield>
   <subfield code="b">Y học</subfield>
   <subfield code="c">2009</subfield>
  </datafield>
  <datafield tag="300" ind1=" " ind2=" ">
   <subfield code="a">58 tr.</subfield>
   <subfield code="b">Minh họa</subfield>
   <subfield code="c">19cm</subfield>
  </datafield>
  <datafield tag="500" ind1=" " ind2=" ">
   <subfield code="a">ĐTTS ghi: Bệnh viện Bạch Mai</subfield>
  </datafield>
  <datafield tag="520" ind1="3" ind2=" ">
   <subfield code="a">Nội dung bao gồm một số câu hỏi về nguyên nhân và cơ chế gây bệnh, triệu chứng và chuẩn đoán, điều trị viêm - loét DDTT, chế độ ăn - tập luyện đối với bệnh viêm - loét DDTT</subfield>
  </datafield>
  <datafield tag="653" ind1=" " ind2=" ">
   <subfield code="a">Y đa khoa</subfield>
  </datafield>
  <datafield tag="942" ind1=" " ind2=" ">
   <subfield code="2">ddc</subfield>
   <subfield code="c">BK</subfield>
  </datafield>
  <datafield tag="952" ind1=" " ind2=" ">
   <subfield code="0">0</subfield>
   <subfield code="1">0</subfield>
   <subfield code="2">ddc</subfield>
   <subfield code="4">0</subfield>
   <subfield code="6">616_330000000000000_B312</subfield>
   <subfield code="7">0</subfield>
   <subfield code="9">8124</subfield>
   <subfield code="a">000001</subfield>
   <subfield code="b">000001</subfield>
   <subfield code="d">2018-05-14</subfield>
   <subfield code="o">616.33 B312</subfield>
   <subfield code="p">MD.11863</subfield>
   <subfield code="r">2018-05-14</subfield>
   <subfield code="v">15000.00</subfield>
   <subfield code="w">2018-05-14</subfield>
   <subfield code="y">BK</subfield>
  </datafield>
  <datafield tag="952" ind1=" " ind2=" ">
   <subfield code="0">0</subfield>
   <subfield code="1">0</subfield>
   <subfield code="2">ddc</subfield>
   <subfield code="4">0</subfield>
   <subfield code="6">616_330000000000000_B312</subfield>
   <subfield code="7">0</subfield>
   <subfield code="9">8125</subfield>
   <subfield code="a">000001</subfield>
   <subfield code="b">000001</subfield>
   <subfield code="d">2018-05-14</subfield>
   <subfield code="o">616.33 B312</subfield>
   <subfield code="p">MD.11860</subfield>
   <subfield code="r">2018-05-14</subfield>
   <subfield code="v">15000.00</subfield>
   <subfield code="w">2018-05-14</subfield>
   <subfield code="y">BK</subfield>
  </datafield>
  <datafield tag="980" ind1=" " ind2=" ">
   <subfield code="a">Thư viện Trường Đại học Nam Cần Thơ</subfield>
  </datafield>
 </record>
</collection>
